Sports Quiz

Random Sports Quiz

Pittsburgh Pirates Team MVP's Quiz Stats

 Plays Quiz not verified by Sporcle

Score 0/52 Timer 06:00
0 Plays Today
Year Player % Correct
1970Roberto Clemente
98.6%
1969Roberto Clemente
98.6%
1968Roberto Clemente
98.6%
1967Roberto Clemente
98.6%
1966Roberto Clemente
98.6%
1965Roberto Clemente
98.6%
1964Roberto Clemente
98.6%
1961Roberto Clemente
98.6%
1973Willie Stargell
96.7%
1971Willie Stargell
96.7%
1992Barry Bonds
96.2%
1991Barry Bonds
96.2%
1990Barry Bonds
96.2%
1989Barry Bonds
96.2%
1987Barry Bonds
96.2%
1979Dave Parker
86.7%
1978Dave Parker
86.7%
2011Andrew McCutchen
83.4%
2010Andrew McCutchen
83.4%
2009Andrew McCutchen
83.4%
2002Brian Giles
83.4%
2001Brian Giles
83.4%
2000Brian Giles
83.4%
1999Brian Giles
83.4%
1998Jason Kendall
83.4%
1997Jason Kendall
83.4%
Year Player % Correct
2005Jason Bay
80.1%
1960Dick Groat
72%
1994Jay Bell
71.1%
1993Jay Bell
71.1%
1982Bill Madlock
70.1%
1981Bill Madlock
70.1%
1983John Candelaria
61.1%
1977John Candelaria
61.1%
2008Nate McLouth
58.8%
2006Freddy Sanchez
57.8%
1963Bob Friend
56.9%
1962Bob Friend
56.9%
2004Oliver Perez
49.3%
1972Richie Hebner
49.3%
1976Al Oliver
45%
1986Rick Rhoden
44.1%
1984Rick Rhoden
44.1%
1980Mike Easler
41.7%
1985Rick Reuschel
39.3%
1988Andy Van Slyke
37.9%
2007Ian Snell
37.4%
1996Denny Neagle
35.5%
1995Denny Neagle
35.5%
1975Jerry Reuss
31.3%
2003Kip Wells
29.4%
1974Jim Rooker
22.3%

You're not logged in!

Compare scores with friends on all Sporcle quizzes.
OR
Log In

Show Comments

Extras

Top Quizzes Today


Score Distribution

Your Account Isn't Verified!

In order to create a playlist on Sporcle, you need to verify the email address you used during registration. Go to your Sporcle Settings to finish the process.

Report this User

Report this user for behavior that violates our Community Guidelines.

Details: